000 00585nam a2200265Ia 4500
003 0100
008 130303s9999 xx 000 0 und d
020 _a0137719574
040 _cARRUPELIB
050 _aBL48.W494 1989
100 _aWilson, John F
245 _aReligion
245 _ba preface
260 _aEnglewood Cliffs, N.J.
260 _bPrentice-Hall, Inc.
260 _C1989
300 _a200p.
300 _b 23cm.
650 _aRELIGION
650 _bRealism
650 _cEthics
650 _dAesthetics
700 _aClark , W. Royce
942 0 0 _03
999 _c21388
_d21388